Sugar belt of U.P. (Record no. 21892)

MARC details
000 -LEADER
fixed length control field 00371nam a2200145Ia 4500
082 ## - DEWEY DECIMAL CLASSIFICATION NUMBER
Classification number TR.0144
100 ## - MAIN ENTRY--AUTHOR NAME
Personal name Rai, Jagdishwar Prasad
245 #0 - TITLE STATEMENT
Title Sugar belt of U.P.
260 ## - PUBLICATION, DISTRIBUTION, ETC. (IMPRINT)
Year of publication 1975
Name of publisher Gorakhpur University
300 ## - PHYSICAL DESCRIPTION
Number of Pages 170p. + C D-3
650 ## - SUBJECT ADDED ENTRY--TOPICAL TERM
Topical Term SUGAR FACTORIES - UTTAR PRADESH
650 ## - SUBJECT ADDED ENTRY--TOPICAL TERM
Topical Term SUGARCANE - UTTAR PRADESH
710 ## - ADDED ENTRY--CORPORATE NAME
Corporate name or jurisdiction name as entry element Singh, Jagdish
942 ## - ADDED ENTRY ELEMENTS (KOHA)
Koha item type Thesis
Source of classification or shelving scheme Dewey Decimal Classification
Holdings
Withdrawn status Lost status Damaged status Not for loan Home library Current library Date acquired Full call number Accession Number Price effective from Koha item type
        NASSDOC Library NASSDOC Library 08/10/2004 TR.0144 10878 18/04/2019 Thesis